| 000 | 00463nmm a22001697a 4500 | ||
|---|---|---|---|
| 005 | 20170210102349.0 | ||
| 008 | 150728b xxu||||| |||| 00| 0 spa d | ||
| 041 | _aEspañol | ||
| 082 | _aMD 101 | ||
| 100 |
_aRodríguez Gómez, Nesmy _93686 |
||
| 245 | _aInforme de Práctica supervisada realizado en Laboratorio Dentalab | ||
| 260 | _c2012 | ||
| 650 |
_aCOSTA RICA _939204 |
||
| 650 |
_aMECANICA DENTAL _939205 |
||
| 650 |
_aCROMO COBALTO _939206 |
||
| 942 | _cIP | ||
| 999 |
_c6773 _d6773 |
||